النشرة السنوية لإحصاء العاملين بالقطاع العام الأعمال العام عام 2020/
تولى الدولة إهتماما كبيرا للعاملين بقطاعات الدولة المختلفة، لما لهم من دور إيجابى فى دعم الإقتصاد القومى وتحقيق التنمية المستدامة، كما تعتبر بيانات العمالة مقياسا لحجم التضخم الوظيفى ومن العناصر الأساسية التى تساهم فى التخطيط الإستراتيجى للدولة....
Saved in:
| 主要作者: | |
|---|---|
| 企业作者: | , |
| 格式: | 序列 |
| 语言: | 阿拉伯语 |
| 出版: |
القاهرة :
الجهاز المركزى للتعبئة العامة والإحصاء.
2020.
|
| 主题: | |
| 标签: |
添加标签
没有标签, 成为第一个标记此记录!
|
MARC
| LEADER | 00000cas a2200000 a 4500 | ||
|---|---|---|---|
| 003 | INP | ||
| 005 | 20200829174536.0 | ||
| 008 | 110725cuuuuuuuuua ar o0 f0ara d | ||
| 952 | |0 0 |1 0 |4 0 |6 331_110000000000000_ن__ش |7 0 |9 20180 |a INP |b INP |c MAIN |d 2020-07-21 |l 0 |o 331.11 ن .ش |p 021341 |r 2020-07-21 00:00:00 |w 2020-07-21 |y PUB | ||
| 999 | |c 16417 |d 16417 | ||
| 040 | |a EG-INP |c EG-INP |b ara | ||
| 082 | 0 | 4 | |a 331.11 |b ن . ش |2 21 |
| 100 | |a مصر- الجهاز المركزي للتعبئة العامة والإحصاء. | ||
| 110 | |a الجهاز المركزى للتعبئة العامة والاحصاء | ||
| 245 | 0 | 2 | |a النشرة السنوية لإحصاء العاملين بالقطاع العام الأعمال العام عام 2020/ |c الجهاز المركزى للتعبئة العامة للاحصاء. |
| 260 | |a القاهرة : |b الجهاز المركزى للتعبئة العامة والإحصاء. |c 2020. | ||
| 300 | |a 8 ص. : |b ورقى ؛ |c 29 سم. | ||
| 310 | |a سنوى | ||
| 500 | |a مرجع رقم 65-22324-2020 | ||
| 500 | |a يبنى على عام 2020 | ||
| 500 | |a إصدار ابريل 2020 | ||
| 520 | |a تولى الدولة إهتماما كبيرا للعاملين بقطاعات الدولة المختلفة، لما لهم من دور إيجابى فى دعم الإقتصاد القومى وتحقيق التنمية المستدامة، كما تعتبر بيانات العمالة مقياسا لحجم التضخم الوظيفى ومن العناصر الأساسية التى تساهم فى التخطيط الإستراتيجى للدولة. | ||
| 650 | 7 | |a العمالة |v احصائيات |v دوريات. |2 qrmak | |
| 650 | 7 | |a العمال المصريون |v احصائيات |v دوريات. |2 qrmak | |
| 650 | 7 | |a العمل و العمال |z مصر |v احصائيات |v دوريات. |2 qrmak | |
| 650 | 7 | |a الموظفون. |2 qrmak | |
| 650 | 7 | |a النقابات |x موظفون. |2 qrmak | |
| 710 | 1 | |a مصر. |b الجهاز المركزي للتعبئة العامة والإحصاء. | |
| 901 | |a egpv34 | ||
| 902 | |a egpv34 | ||
| 903 | |a original | ||
| 942 | |c PUB |2 ddc | ||